| 000 | 00733nam a22002057a 4500 | ||
|---|---|---|---|
| 003 | Ost | ||
| 005 | 20140310184528.0 | ||
| 008 | 131115t xxu||||| |||| 00| 0 eng d | ||
| 020 | _a0753405113 | ||
| 050 |
_aDT 61 _b.St866 2005 |
||
| 100 |
_aSteele, Philip. _930467 |
||
| 245 |
_aI wonder why : _bPyramids were built and other questions about ancient egypt / _cPhilip Steele. |
||
| 260 |
_aLondon : _bKingfisher, _c2005. |
||
| 300 |
_a32 p. : _bill. col. ; _c28 cm. |
||
| 650 |
_aEgypt _xCivilization _xTo 332 B.C. _xJuvenile literature. _930468 |
||
| 650 |
_aEgypt _xSocial life and customs _xTo 332 B.C. _xJuvenile literature. _930469 |
||
| 650 |
_aEgypt _xCivilazation _xTo 332 B.C. _930470 |
||
| 942 |
_2lcc _cBK-SCHOLAS |
||
| 999 |
_c35180 _d35180 |
||